Campbell-Preston-Floyd families papers, (Record no. 42847)

MARC details
000 -LEADER
fixed length control field 01632cpcaa2200361 4500
001 - CONTROL NUMBER
control field mm 80014910
003 - CONTROL NUMBER IDENTIFIER
control field DLC
005 - DATE AND TIME OF LATEST TRANSACTION
control field 20260227111704.0
007 - PHYSICAL DESCRIPTION FIXED FIELD--GENERAL INFORMATION
fixed length control field cr |||||||||||
008 - FIXED-LENGTH DATA ELEMENTS--GENERAL INFORMATION
fixed length control field 810119|||||||||||| eng
010 ## - LIBRARY OF CONGRESS CONTROL NUMBER
LC control number mm 80014910
040 ## - CATALOGING SOURCE
Original cataloging agency DLC
Transcribing agency DLC
Description conventions dacs
Modifying agency DLC
072 #7 - SUBJECT CATEGORY CODE
Subject category code N
Source lcmd
245 00 - TITLE STATEMENT
Title Campbell-Preston-Floyd families papers,
Inclusive dates 1741-1931.
300 ## - PHYSICAL DESCRIPTION
Extent 5,000
Type of unit items.
300 ## - PHYSICAL DESCRIPTION
Extent 15
Type of unit containers plus
Extent 1
Type of unit oversize.
300 ## - PHYSICAL DESCRIPTION
Extent 7
Type of unit microfilm reels.
506 0# - RESTRICTIONS ON ACCESS NOTE
Terms governing access Open to research.
520 8# - SUMMARY, ETC.
Summary, etc. Correspondence, account books, survey books, memoranda, bills, receipts, and other papers pertaining to members of the Campbell, Preston, and Floyd families of southwestern Virginia.
530 ## - ADDITIONAL PHYSICAL FORM AVAILABLE NOTE
Additional physical form available note Microfilm edition available,
Order number no. 8,065 (no. 13,270).
533 ## - REPRODUCTION NOTE
Type of reproduction Microfilm produced from originals in the Manuscript Division.
Place of reproduction Washington, D.C. :
Agency responsible for reproduction Library of Congress Photoduplication Service,
Date of reproduction 1945.
546 ## - LANGUAGE NOTE
Language note Collection material in English.
555 8# - CUMULATIVE INDEX/FINDING AIDS NOTE
Cumulative index/finding aids note Finding aid available in the Library of Congress Manuscript Reading Room and at
Uniform Resource Identifier <a href="http://hdl.loc.gov/loc.mss/eadmss.ms010262">http://hdl.loc.gov/loc.mss/eadmss.ms010262</a>
600 30 - SUBJECT ADDED ENTRY--PERSONAL NAME
Personal name Campbell family.
600 30 - SUBJECT ADDED ENTRY--PERSONAL NAME
Personal name Floyd family.
600 30 - SUBJECT ADDED ENTRY--PERSONAL NAME
Personal name Preston family.
651 #0 - SUBJECT ADDED ENTRY--GEOGRAPHIC NAME
Geographic name Virginia
General subdivision Social life and customs.
856 4# - ELECTRONIC LOCATION AND ACCESS
Materials specified Finding aid
Uniform Resource Identifier <a href="http://hdl.loc.gov/loc.mss/eadmss.ms010262">http://hdl.loc.gov/loc.mss/eadmss.ms010262</a>
856 4# - ELECTRONIC LOCATION AND ACCESS
Materials specified Finding aid (PDF)
Uniform Resource Identifier <a href="http://hdl.loc.gov/loc.mss/eadmss.ms010262.3">http://hdl.loc.gov/loc.mss/eadmss.ms010262.3</a>

No items available.

Powered by Koha